header

Over the Rim (Record no. 131260)

MARC details
000 -LEADER
fixed length control field 01991nam a2200385 a 4500
082 04 - DEWEY DECIMAL CLASSIFICATION NUMBER
Classification number 979.2/01
245 00 - TITLE STATEMENT
Title Over the Rim
260 ## - PUBLICATION, DISTRIBUTION, ETC. (IMPRINT)
Place of publication Logan :
Name of publisher Utah State University Press,
Year of publication c1999.
300 ## - PHYSICAL DESCRIPTION
Number of Pages ix, 270 p. :
Other physical details ill., maps.
505 0# - FORMATTED CONTENTS NOTE
Formatted contents note Preface -- Introduction -- The journals -- Great Salt Lake to San Pete -- San Pete to the Little Salt Lake -- Over the rim to Dixie -- Exploration of Little Salt Lake and Cedar Valleys and beyond -- Reunion and celebration -- The long, cold trip home -- The official report -- Epilogue -- Appendices -- Related papers -- Biographies of expedition members -- Robert Campbell's Ute alphabet -- Robert Campbell's emigrant guides -- Bibliography -- Index.
650 #0 - SUBJECT ADDED ENTRY--TOPICAL TERM
Topical Term Mormons
700 1# - ADDED ENTRY--PERSONAL NAME
Personal name Smart, William B.
Personal name Smart, Donna Toland,
856 40 - ELECTRONIC LOCATION AND ACCESS
Uniform Resource Identifier http://site.ebrary.com/lib/rucke/Doc?id=10500187

No items available.

© 2026 Rongo University
Contact us: librarian | system librarian | Rongo university